00586nam a22001577a 450000500170000000800410001702000230005808200170008110001350009824500560023325000110028926000690030030000110036950000200038065000280040020260519132608.0260519b |||||||| |||| 00| 0 eng d a 978-0-357-04543-5 a519.5bAND-E aAnderson, David R. aDennis J. Sweeney aThomas A. WilliamsaJeffrey D. CammaJames J. CochranaMichael J. FryaJeffrey W. Ohlmann aEssentials of Statistics for Business and Economics a9th Ed aUSAbCengage 20 Channel Center Street Boston, MA 02210 c2020 a882 p. aIncludes Index. aStatistical Mathematics